Responses for show #6727 - Tuesday, December 10, 2013

Contestants

Meredith Larson, an attorney from Washington, D.C.

Phil Lowe, a process automation engineer from Raleigh, North Carolina

Craig Cornish, Jr., a graduate student of history from Welcome, Maryland (whose 2-day cash winnings total $46,800)

Jeopardy! Round responses

YOU FLOOR ME!
SEND IN THE MARINES
"N" THE ATLAS
CONTROL
ALT
DELETE
    $200 26
a loft

Phil
    $200 21
Iwo Jima

Phil
    $200 1
Nice

Phil
    $200 2
Get Smart

Meredith
    $200 7
Nine Inch Nails

Meredith
    $200 12
county

Phil
    $400 27
Mezzanine

Phil
    $400 22
Oliver North

Meredith
    $400 17
Nassau

Craig
    $400 3
"America The Beautiful"

Meredith
    $400 8
The White Stripes

Craig
    $400 13
briny

Phil
    $600 28
a penthouse

Meredith
    $600 23
James Carville

Meredith
    $2,600 18
Lake Nicaragua

Craig
    $600 4
biofeedback

Meredith
    $600 9
(Phil: Who is Hollywood Undead?)

Vampire Weekend

Phil
Triple Stumper
    $600 14
steroid

Meredith
    $800 29
the ground floor

Triple Stumper
    $800 24
(Leon) Uris

Meredith
    $800 19
the Negev

Craig
    $800 5
START

Meredith
    $800 10
Daft Punk

Phil
    $800 15
aglet

Craig
    $1000 30
(Alex: Been there and shopped there.)

Basement

Meredith
    $1000 25
Walking Tall

Triple Stumper
    $1000 20
Nauru

Triple Stumper
    $1000 6
(Alex: Well done. You ran the category and as a result you've got $3,000.) [Applause for Meredith's run of the category]

Margaret Sanger

Meredith
    $1000 11
Iceland

Phil
    $1000 16
Bactria

Craig

Scores at the first commercial break (after clue 15):

Craig Phil Meredith
$1,200 $2,000 $3,800

Scores at the end of the Jeopardy! Round:

Craig Phil Meredith
$6,000 $2,800 $7,200

Double Jeopardy! Round responses

1963
THERE'S NO PLACE LIKE DOME
GUARDS
FILE UNDER "Q"
LITERARY QUOTES
SCIENTIFIC EUROPEAN
    $400 16
Martin Luther King, Jr.

Phil
    $400 17
the Superdome

Craig
    $400 24
the Holy Grail

Meredith
    $400 1
quad

Phil
    $400 11
Robinson Crusoe

Phil
    $400 6
(Edmond) Halley

Craig
    $800 18
TaB

Phil
    $800 19
the Minnesota Vikings

Craig
    $800 25
the Swiss Guard

Meredith
    $800 2
Queensland

Craig
    $800 12
Ron Weasley

Phil
    $800 7
Copernicus

Craig
    $1200 23
South Carolina

Phil
    $5,000 20
(Craig: What is the Skydome?)

the Houston Astrodome

Craig
    $1200 26
Michael Clarke Duncan

Craig
    $1200 3
(Craig: What is a quote?)

quip

Craig
Triple Stumper
    $1200 13
Wuthering Heights

Phil
    $1200 8
Nobel

Meredith
    $1600 29
Cleopatra

Craig
    $1600 21
Toronto

Craig
    $1600 27
(Phil: What's a commanding officer?)

corrections officer

PhilMeredith
    $1600 4
quantum leap

Meredith
    $1600 14
Doctor Zhivago

Meredith
    $3,500 9
(Niels) Bohr

Meredith
    $2000 30
Yugoslavia

Craig
    $2000 22
the Detroit Lions

Craig
    $2000 28
the Praetorian Guard

Meredith
    $2000 5
(Alex: Oh, you're all too young to remember [*].)

Mary Quant

Triple Stumper
    $2000 15
Slaughterhouse-Five

Meredith
    $2000 10
Fibonacci

Phil

Scores at the end of the Double Jeopardy! Round:

Craig Phil Meredith
$11,400 $8,400 $21,900

[wagering suggestions for these scores]

Final Jeopardy! Round responses

STATE CAPITALS
(Alex: If I look at it correctly, there were six panels there, and six is a number that we associate with one state in particular.)
...
(Alex: [To Meredith] You got the state right, but we were looking for the city--the capital city of [*].)
PhilWhat is Richmond, VA?
$1,600
CraigWhat is Tallahassee?
$11,400
MeredithWhat is Texas?
$2,000
Austin

Final scores:

Craig Phil Meredith
$0 $6,800 $19,900
3rd place: $1,000 2nd place: $2,000 New champion: $19,900

Game dynamics:

Coryat scores:

Craig Phil Meredith
$14,400 $8,400 $20,000
16 R
(including 1 DD),
2 W
(including 1 DD)
16 R,
2 W
21 R
(including 1 DD),
0 W

Combined Coryat: $42,800

The J! Archive is created by fans, for fans. The Jeopardy! game show and all elements thereof, including but not limited to copyright and trademark thereto, are the property of Jeopardy Productions, Inc. and are protected under law. This website is not affiliated with, sponsored by, or operated by Jeopardy Productions, Inc. Join the discussion at JBoard.tv.